[Event "Thessaloniki White Tower op 42nd"]
[Site "Thessaloniki"]
[Date "2020.01.03"]
[Round "3"]
[White "Djuric, Stefan"]
[Black "Tsiakmakis, Christos"]
[Result "1-0"]
[WhiteElo "2346"]
[BlackElo "1618"]
[PlyCount "29"]
[EventDate "2020.01.02"]
[EventType "swiss"]
[EventRounds "9"]
[EventCountry "GRE"]
[SourceTitle "CBM 194 Extra"]
[Source "ChessBase"]
[SourceDate "2020.03.31"]
[SourceVersion "1"]
[SourceVersionDate "2020.03.31"]
[SourceQuality "1"]

1. e4 c5 2. Nf3 e6 3. Nc3 a6 4. g3 b5 5. Bg2 Bb7 6. d4 b4 7. Na4 Bxe4 8. dxc5 Nc6 9. 0-0 Nf6 10. a3 Be7 11. Bg5 a5 12. Re1 Bg6 13. Ne5 Qc7 14. Bf4 Nh5 15. Nxg6 1-0